10 najdroższych transferów w piłce nożnej (sezon 2023/24). - Statystyki

Ogólne statystyki
  • Ten quiz został rozwiązany 492 razy
    433 od ostatniego zresetowania
  • Średni wynik to 8 z 14
Statystyki odpowiedzi
# Piłkarz Transfer Cena % Poprawnych
2 Jude Bellingham Borussia Dortmund ––> Real Madryt 103 mln
92%
1 Declan Rice West Ham ––> Arsenal 116 mln
85%
3 Kai Havertz Chelsea ––> Arsenal 75 mln
71%
7 Christopher Nkunku RB Lipsk ––> Chelsea 60 mln
63%
6 Sandro Tonali AC Milan ––> Newcastle United 64 mln
63%
4 Dominik Szoboszlai RB Lipsk ––> Liverpool 70 mln
60%
5 Mason Mount Chelsea ––> Manchester United 64,2 mln
60%
9 Andre Onana Inter ––> Manchester United 52,5 mln
58%
8 Rúben Neves Wolves ––> Al-Hilal 55 mln
53%
10 Kim Min-jae Napoli ––> Bayern 50 mln
44%
8 Moussa Diaby Bayer Leverkusen ––> Aston Villa 55 mln
43%
7 Malcom Zenit ––> Al-Hilal 60 mln
30%
7 Manuel Ugarte Sporting ––> PSG 60 mln
30%
10 Matheus Cunha Atletico Madryt ––> Wolves 50 mln
24%
Nie znaleziono quizów pasujących do podanych kryteriów
Rozkład punktacji
Procent ludzi z każdym wynikiem
Percentyl według liczby udzielonych odpowiedzi
Twoja historia wyników
Nie rozwiązałeś tego quizu od ostatniego zresetowania